[Event "Outaouais op U1900"]
[Site "Gatineau"]
[Date "2015.06.06"]
[Round "2"]
[White "Laszlo, Robert"]
[Black "Montreuil, Carl"]
[Result "1-0"]
[WhiteElo "1893"]
[BlackElo "1574"]
[PlyCount "73"]
[EventDate "2015.06.05"]
[EventType "swiss"]
[EventRounds "5"]
[EventCountry "CAN"]
[SourceTitle "EXT 2019"]
[Source "ChessBase"]
[SourceDate "2018.10.10"]
[SourceVersion "1"]
[SourceVersionDate "2018.10.10"]
[SourceQuality "1"]

1. e4 Nf6 2. e5 Nd5 3. c4 Nb6 4. c5 Nd5 5. Nc3 c6 6. Nxd5 cxd5 7. d4 Nc6 8. Nf3 d6 9. cxd6 exd6 10. Be2 Be7 11. 0-0 0-0 12. Qb3 dxe5 13. dxe5 Be6 14. Qxb7 Nb4 15. Bd1 a6 16. Be3 Rb8 17. Qa7 f6 18. a3 Nc6 19. Qxa6 Qc7 20. Rc1 Bd7 21. e6 Be8 22. Nd4 Rb6 23. Qa4 Qb7 24. Nf5 Rxb2 25. Qg4 Bg6 26. h4 Bxf5 27. Qxf5 d4 28. Bf4 Ne5 29. Bxe5 fxe5 30. Qxe5 Rb5 31. Qxd4 Bf6 32. Qc4 Kh8 33. Ba4 Rh5 34. Rfe1 Bxh4 35. Rc2 Be7 36. Qc7 Bc5 37. Rxc5 1-0